Galoissche Theorie / (Record no. 50425)
[ view plain ]
| 000 -LEADER | |
|---|---|
| fixed length control field | 00673nam a2200229 a 4500 |
| 001 - CONTROL NUMBER | |
| control field | 50425 |
| 003 - CONTROL NUMBER IDENTIFIER | |
| rucl marc code | BD-RjUL |
| 005 - DATE AND TIME OF LATEST TRANSACTION | |
| control field | 20211209075515.0 |
| 008 - FIXED-LENGTH DATA ELEMENTS--GENERAL INFORMATION | |
| fixed length control field | 160827s1959 enk||||| |||| 00| 0 eng d |
| 035 ## - SYSTEM CONTROL NUMBER | |
| System control number | (BD-RjUL)50545 |
| 040 ## - CATALOGING SOURCE | |
| Original cataloging agency | BD-RjUL |
| Language of cataloging | eng |
| Transcribing agency | BD-RjUL |
| Modifying agency | BD-RjUL |
| 041 ## - LANGUAGE CODE | |
| Language code of text/sound track or separate title | eng |
| 082 ## - DEWEY DECIMAL CLASSIFICATION NUMBER | |
| Edition number | 23 |
| Classification number | 512.32 |
| Author mark and year | ARG 1959 |
| 100 10 - MAIN ENTRY--PERSONAL NAME | |
| Personal name | Emil Artin |
| 9 (RLIN) | 151100 |
| 245 10 - TITLE STATEMENT | |
| Title | Galoissche Theorie / |
| Statement of responsibility, etc. | Artin, Emil |
| 260 ## - PUBLICATION, DISTRIBUTION, ETC. (IMPRINT) | |
| Place of publication, distribution, etc. | Leipzig : |
| Name of publisher, distributor, etc. | B.G. Teubner, |
| Date of publication, distribution, etc. | 1959 |
| 300 ## - PHYSICAL DESCRIPTION | |
| Pagination | 86 p. ; |
| Size | 23 cm. |
| 490 ## - SERIES STATEMENT | |
| Series statement | Mathematisch-naturwissenschaftliche Bibliothek, 28 |
| 650 ## - SUBJECT ADDED ENTRY--TOPICAL TERM | |
| Topical term or geographic name as entry element | Galois theory. |
| 9 (RLIN) | 151091 |
| 856 ## - ELECTRONIC LOCATION AND ACCESS | |
| Materials specified | Mathematisch-naturwissenschaftliche Bibliothek, 28 |
| 942 ## - ADDED ENTRY ELEMENTS (KOHA) | |
| Source of classification or shelving scheme | Dewey Decimal Classification |
| Koha item type | Books |
| Lost status | Source of classification or shelving scheme | Damaged status | Not for loan | Collection code | Permanent Location | Current Location | Shelving location | Date acquired | Source of acquisition | Cost, normal purchase price | Total Checkouts | Full call number | Date last seen | Copy number | Koha item type |
|---|---|---|---|---|---|---|---|---|---|---|---|---|---|---|---|
| Dewey Decimal Classification | Non-fiction | Central Library, University of Rajshahi | Central Library, University of Rajshahi | 06/12/1967 | Dhaka paragon enterprises ltd. | 5.30 | 512.32 ARG 1959 | 27/08/2016 | C-2 | Books |